| 000 | 00676nam a2200181 a 4500 | ||
|---|---|---|---|
| 001 | 000037292 | ||
| 005 | 20200930080253.0 | ||
| 008 | 120321s1986 sp ac 000 0 spa d | ||
| 020 | _a8400065953 | ||
| 040 |
_aDO-SdBNP _bspa _cBNPHU |
||
| 082 |
_axxxx _bxxx |
||
| 245 | 0 | 3 |
_aLa enseñanza militar en España. : _bun analisis sociológico / _ccoordinadores, Julio Busquets, Valentina Fernández Vargas. |
| 260 |
_aMadrid, : _bConsejo Superior de Investigaciones Científicas, _c1986. |
||
| 300 |
_a315 p. : _bil., retrs. ; _c21 cm. |
||
| 500 | _aIncluye notas a pie de página | ||
| 700 | 1 |
_aBusquets, Julio _ecoord. _963731 |
|
| 700 | 1 |
_aFernández Vargas, Valentina _ecoord. _944490 |
|
| 999 |
_c36782 _d36782 |
||